000 01562nam a2200373 c 4500
003 BLK
005 20240821140329.0
008 180407b bul|||||r ||||||| ||bul||
010 _aKNG00034810000
020 _a954-439-593-8
_bиздат.: Слово
040 _aBLK
041 _aBUL
_cBUL
080 _aБългарска литература
_b821.163.2
_x-1
_z821.163.2-1
080 _aБългарска литература
_b821.163.2
_x.09
_z821.163.2.09
100 1 _aВапцаров, Никола Йонков
_eпърви автор
_9364370
700 1 _aВасилев, Сава
_eсъстав. и предг. от
_9366026
139 _aВапцаров, Никола Йонков
_bВ 21
245 1 0 _aПоезия
_cНикола Йонков Вапцаров; състав. и предг. от Сава Василев.
257 _aBGR
260 В. Търново
_bСлово
_c1999
_fВ. Търново : Абагар ООД
300 _a190 с.
_c20 см
380 _aX
490 1 _aМалка ученическа библиотека
500 _aВ кн. означено грешно 2. изд., в доп. тир. 2008 означено грешно 1. изд.
653 _aстихотворения
653 _aлитературна критика
653 _aбългарска литература
852 _aЦб 207037
856 4 _qpdf
_u
856 4 _qpdf
_u
942 _cKNG
_n0
_051
944 _aCR
_c15.01.2003
_k30531
_lЦветелина Шанова
944 _aED
_c09.10.2008
_k
999 _c32140
_d32140